[Event "15.Open Primavera"]
[Site "Robecchetto con Induno ITA"]
[Date "2018.05.10"]
[Round "6"]
[White "Corsano, Massimo"]
[Black "Minore, Antonino"]
[Result "1/2-1/2"]
[WhiteElo "1440"]
[BlackElo "1239"]
[PlyCount "105"]
[EventDate "2018.04.05"]

1. e4 c5 2. Nf3 Nc6 3. Bc4 e6 4. Nc3 a6 5. O-O b5 6. Bb3 c4 7. Bxc4 bxc4 8. d4
d5 9. exd5 exd5 10. Re1+ Be6 11. a3 Be7 12. Bd2 Nf6 13. Ng5 Nxd4 14. Nxe6 fxe6
15. Bg5 O-O 16. Qxd4 Qd6 17. Qf4 Qd7 18. Rad1 Ne4 19. Qh4 Nxg5 20. Qg4 Rf5 21.
Ne2 Nf3+ 22. Kh1 Ne5 23. Qg3 Raf8 24. Rf1 Bd6 25. Nd4 Nd3 26. Qe3 Re5 27. Qd2
Nc5 28. f3 Rh5 29. h3 e5 30. Ne2 d4 31. Ng3 Rh4 32. Kh2 e4 33. Qg5 Rhf4 34.
Qd5+ Kh8 35. Rxd4 Nb7 36. Qxc4 a5 37. Rxe4 Rxe4 38. Qxe4 Nc5 39. Qg4 Qxg4 40.
hxg4 Re8 41. Rf2 a4 42. Kh3 g6 43. Re2 Rxe2 44. Nxe2 Be5 45. b3 axb3 46. cxb3
Nxb3 47. a4 g5 48. g3 h6 49. f4 Bf6 50. fxg5 hxg5 51. Nf4 gxf4 52. gxf4 Kg7 53.
Kg3 1/2-1/2

[Event "15.Open Primavera"]
[Site "Robecchetto con Induno ITA"]
[Date "2018.05.17"]
[Round "7"]
[White "Rutigliano, Cesare"]
[Black "Santoruvo, Gianfranco"]
[Result "0-1"]
[WhiteElo "1672"]
[BlackElo "1735"]
[PlyCount "94"]
[EventDate "2018.04.05"]

1. Nf3 Nf6 2. c4 d5 3. d4 e6 4. Bg5 a6 5. e3 dxc4 6. Bxc4 b5 7. Bd3 Bb7 8. O-O
Nbd7 9. e4 h6 10. Bh4 g5 11. Bg3 Nxe4 12. Nc3 Nxg3 13. fxg3 Bg7 14. Bc2 Nb6 15.
Kh1 Nd5 16. Qe2 Qe7 17. Ne4 Nb4 18. Bb3 Bxe4 19. Qxe4 Rd8 20. Rae1 c5 21. dxc5
Qxc5 22. Bxe6 O-O 23. Bb3 Nd3 24. Re2 Qb4 25. Qg6 Qxb3 26. Qxg7+ Kxg7 27. axb3
Nc5 28. Re7 Rd7 29. Re3 Rfd8 30. Ne5 Rd1 31. Kg1 Rxf1+ 32. Kxf1 Rd1+ 33. Ke2
Rb1 34. Nd3 Nxd3 35. Rxd3 Rxb2+ 36. Kf3 a5 37. g4 Kf6 38. h3 Ke5 39. g3 a4 40.
bxa4 bxa4 41. Re3+ Kd5 42. Rd3+ Kc4 43. Ke4 Re2+ 44. Re3 Rxe3+ 45. Kxe3 Kb3 46.
Ke4 a3 47. Kf5 a2 0-1

[Event "15.Open Primavera"]
[Site "Robecchetto con Induno ITA"]
[Date "2018.05.17"]
[Round "7"]
[White "Barrera, Pietro"]
[Black "Caldarola, Stefano"]
[Result "1-0"]
[WhiteElo "1810"]
[BlackElo "1829"]
[PlyCount "65"]
[EventDate "2018.04.05"]

1. d4 g6 2. Nf3 Bg7 3. c3 d6 4. e4 e5 5. Bc4 Nd7 6. O-O Ngf6 7. Re1 h6 8. Nbd2
O-O 9. Nf1 Qe7 10. Ng3 c6 11. Bb3 Nb6 12. h3 Be6 13. Be3 Nc4 14. Bxc4 Bxc4 15.
Qd2 Kh7 16. b3 Ba6 17. Rad1 Rfd8 18. Qc1 c5 19. dxe5 dxe5 20. Qa3 Bf8 21. c4
Qc7 22. Bd2 Qe7 23. Bc3 Rxd1 24. Rxd1 Nd7 25. Nf1 Bg7 26. Ne3 Nb6 27. Qb2 Re8
28. Qd2 Bf8 29. Ba5 Nc8 30. Nd5 Qd6 31. Bc7 Qc6 32. Bxe5 b5 33. Nf6+ 1-0

[Event "15.Open Primavera"]
[Site "Robecchetto con Induno ITA"]
[Date "2018.05.17"]
[Round "7"]
[White "Colombo, Ernesto"]
[Black "Moroni, Luca"]
[Result "1/2-1/2"]
[WhiteElo "1608"]
[BlackElo "1760"]
[PlyCount "54"]
[EventDate "2018.04.05"]

1. d4 c5 2. c3 cxd4 3. cxd4 d6 4. e4 Nf6 5. Nc3 g6 6. Bc4 Bd7 7. Nge2 Bg7 8.
O-O O-O 9. f4 Nc6 10. e5 dxe5 11. fxe5 Ne8 12. Kh1 Rc8 13. Bb3 Na5 14. Bf4 Nxb3
15. Qxb3 e6 16. Rad1 Nc7 17. d5 Qh4 18. d6 Nd5 19. Nxd5 exd5 20. Rxd5 Qg4 21.
Nd4 b6 22. Qf3 Qxf3 23. gxf3 Rfe8 24. Re1 Rc4 25. Bg3 a6 26. Kg2 b5 27. b3 Rcc8
1/2-1/2

[Event "15.Open Primavera"]
[Site "Robecchetto con Induno ITA"]
[Date "2018.05.17"]
[Round "7"]
[White "Cecchini, Massimo S"]
[Black "Rancati, David"]
[Result "1/2-1/2"]
[WhiteElo "1689"]
[BlackElo "1620"]
[PlyCount "71"]
[EventDate "2018.04.05"]

1. d4 Nf6 2. Nf3 d5 3. Bf4 e6 4. Nbd2 Be7 5. e3 O-O 6. c3 Nbd7 7. Bd3 c5 8. Rc1
c4 9. Bb1 b5 10. e4 dxe4 11. Nxe4 Bb7 12. Qe2 Rc8 13. a3 Nb6 14. O-O Qd5 15.
Rfe1 Nxe4 16. Bxe4 Qxe4 17. Qxe4 Bxe4 18. Rxe4 Rfd8 19. Kf1 Bd6 20. Bxd6 Rxd6
21. Ke1 Nd5 22. Ne5 Nf6 23. Re2 Nd5 24. g3 Nf6 25. Kd2 Kf8 26. Rce1 Nd7 27. f4
Nf6 28. Rf1 g6 29. g4 Nd5 30. f5 exf5 31. gxf5 g5 32. Rg2 f6 33. Ng4 Re8 34.
Re2 Rxe2+ 35. Kxe2 h5 36. Ne3 1/2-1/2

[Event "15.Open Primavera"]
[Site "Robecchetto con Induno ITA"]
[Date "2018.05.17"]
[Round "7"]
[White "Mazzarone, Maurizio"]
[Black "Caccianiga, Andrea"]
[Result "1-0"]
[WhiteElo "1885"]
[BlackElo "1421"]
[PlyCount "101"]
[EventDate "2018.04.05"]

1. e4 e5 2. Nf3 Nc6 3. Bc4 Bc5 4. b4 Bxb4 5. c3 Ba5 6. O-O Nf6 7. Qb3 O-O 8. d4
d6 9. dxe5 Nxe4 10. exd6 Nxd6 11. Ba3 Qf6 12. Bc5 Bb6 13. Bxb6 Nxc4 14. Bxc7
Be6 15. Qxb7 Bd5 16. Qb5 Bxf3 17. Qxc4 Qg6 18. Bg3 Be4 19. Nd2 Bd3 20. Qc5 Bxf1
21. Rxf1 Rae8 22. Nf3 Re6 23. Nh4 Qf6 24. Nf3 Rfe8 25. Rd1 Qe7 26. Qc4 Re2 27.
h3 Qe6 28. Qc5 Rxa2 29. Rd6 Qe2 30. Qxc6 Ra1+ 31. Kh2 h6 32. Rd7 Qf1 33. Be5
Qxf2 34. Bd4 Qe2 35. Qb7 Rf8 36. Ne5 Qf1 37. Qe4 Rc1 38. Qf3 Qh1+ 39. Kg3 Rf1
40. Qd5 Rf5 41. Qe4 Rg5+ 42. Kf2 Rb8 43. Nd3 Qd1 44. Rxa7 Qd2+ 45. Kg1 Rb1+ 46.
Kh2 Rb8 47. Nb4 Rf8 48. Be3 Qd6+ 49. Bf4 Qb6 50. Rb7 f5 51. Qd5+ 1-0

[Event "15.Open Primavera"]
[Site "Robecchetto con Induno ITA"]
[Date "2018.05.17"]
[Round "7"]
[White "Posapiano, Giacomo"]
[Black "Mereghetti, Marco"]
[Result "0-1"]
[WhiteElo "1603"]
[BlackElo "1794"]
[PlyCount "98"]
[EventDate "2018.04.05"]

1. Nf3 Nf6 2. c4 g6 3. Nc3 Bg7 4. d4 d5 5. cxd5 Nxd5 6. e3 O-O 7. Be2 c5 8. O-O
cxd4 9. Nxd4 Nxc3 10. bxc3 Qa5 11. Qb3 e5 12. Nc2 Nc6 13. Bc4 Qc7 14. e4 Na5
15. Bxf7+ Qxf7 16. Qb5 Nc4 17. f3 Be6 18. Rd1 a6 19. Qa4 b5 20. Qb4 Rfd8 21.
Bg5 Bf8 22. Qb1 Be7 23. Bh6 Rxd1+ 24. Qxd1 Rd8 25. Qe2 Bc5+ 26. Kh1 Qd7 27. Bg5
Qd3 28. Qe1 Rd7 29. Nb4 Bxb4 30. cxb4 Na3 31. Rc1 Nc2 32. Qg1 Nxb4 33. Bh6 Bc4
34. h4 Nxa2 35. Ra1 Qd4 36. Qb1 Nc3 37. Qb4 Rf7 38. Rxa6 Qd1+ 39. Kh2 Qd8 40.
Bg5 Qc8 41. Rd6 Rd7 42. Rxd7 Qxd7 43. Qxc3 Qe6 44. Qa5 Qd7 45. Qb6 Qe6 46. Qd8+
Kg7 47. Qc7+ Kf8 48. Qd8+ Qe8 49. Qf6+ Bf7 0-1

[Event "15.Open Primavera"]
[Site "Robecchetto con Induno ITA"]
[Date "2018.05.17"]
[Round "7"]
[White "Nava, Mario"]
[Black "Colombo, Sandro"]
[Result "1-0"]
[WhiteElo "1390"]
[BlackElo "1748"]
[PlyCount "77"]
[EventDate "2018.04.05"]

1. Nf3 c5 2. c4 Nc6 3. Nc3 Nf6 4. d4 cxd4 5. Nxd4 e6 6. e4 Bb4 7. Nxc6 Bxc3+ 8.
bxc3 dxc6 9. Bg5 Qxd1+ 10. Rxd1 O-O 11. Bxf6 gxf6 12. Be2 e5 13. Rd6 Be6 14.
O-O Rfd8 15. Rfd1 Rxd6 16. Rxd6 Kf8 17. a3 c5 18. h3 Ke7 19. Rd2 Rg8 20. Kh2 f5
21. exf5 Bxf5 22. Rd5 Ke6 23. Rxc5 Rd8 24. Rc7 Rd2 25. Bf3 Rxf2 26. Bd5+ Kf6
27. Rxf7+ Kg6 28. Rxb7 e4 29. Re7 Kf6 30. Rf7+ Kg6 31. Re7 Kf6 32. Kg3 Rc2 33.
Rxa7 Rxc3+ 34. Kf4 Rc2 35. Rf7+ Kg6 36. Rxf5 Rf2+ 37. Ke3 Ra2 38. Kxe4 Rxa3 39.
Rf3 1-0

[Event "15.Open Primavera"]
[Site "Robecchetto con Induno ITA"]
[Date "2018.05.17"]
[Round "7"]
[White "Baguzzi, Sergio"]
[Black "Colusso, Ermes"]
[Result "0-1"]
[WhiteElo "1324"]
[BlackElo "1741"]
[PlyCount "88"]
[EventDate "2018.04.05"]

1. b3 e5 2. Bb2 Nc6 3. e3 Bc5 4. Bb5 Qe7 5. Ne2 d6 6. Bxc6+ bxc6 7. d4 Bb4+ 8.
c3 Ba5 9. O-O Nf6 10. Nd2 Ba6 11. c4 c5 12. dxc5 dxc5 13. Nf3 Rd8 14. Qc2 e4
15. Ng5 Rd2 16. Bxf6 gxf6 17. Qxe4 Qxe4 18. Nxe4 Rxe2 19. Nxf6+ Ke7 20. Ne4 Rd8
21. Ng3 Red2 22. Ne4 Rc2 23. Nxc5 Bc8 24. Ne4 f5 25. Ng5 h6 26. Nf3 Bc3 27.
Rac1 Rxc1 28. Rxc1 Bb7 29. Nh4 Kf6 30. h3 Rd3 31. g3 Bb4 32. Kf1 Rd2 33. Ra1
Be4 34. a3 Bc3 35. Rc1 Bb2 36. Re1 Bxa3 37. Ra1 Bc5 38. Ra6+ c6 39. f3 Bd3+ 40.
Ke1 Re2+ 41. Kd1 Bb6 42. f4 Rb2 43. Ra3 Bxe3 44. Nf3 Rb1# 0-1

[Event "15.Open Primavera"]
[Site "Robecchetto con Induno ITA"]
[Date "2018.05.17"]
[Round "7"]
[White "Pappalardo, Antonio"]
[Black "Crotti, Massimo"]
[Result "1-0"]
[WhiteElo "1709"]
[BlackElo "1382"]
[PlyCount "98"]
[EventDate "2018.04.05"]

1. d4 d5 2. Nf3 Nf6 3. e3 e6 4. Nbd2 Be7 5. Bd3 Nc6 6. c4 O-O 7. O-O Bd6 8. c5
Be7 9. a3 a6 10. b4 Bd7 11. Qc2 h6 12. Bb2 b6 13. Nb3 b5 14. Ne5 Nxe5 15. dxe5
Ne4 16. Bxe4 dxe4 17. Qxe4 Qe8 18. Na5 c6 19. Rad1 f5 20. exf6 Bxf6 21. Bxf6
Rxf6 22. Rd6 Rc8 23. Rfd1 Rc7 24. Qd3 Rf7 25. Nb3 Qf8 26. f3 e5 27. Nd2 Qe7 28.
Qb3 Kh8 29. Ne4 Bf5 30. Nf2 Qg5 31. e4 Bg6 32. Rd8+ Kh7 33. Qe6 Rce7 34. Qc8
Bh5 35. Rh8+ Kg6 36. Rd6+ Rf6 37. Rxf6+ Qxf6 38. g4 Qxf3 39. gxh5+ Qxh5 40.
Qg4+ Qg5 41. Qxg5+ hxg5 42. Rc8 Re6 43. Ra8 Kh5 44. Rxa6 g4 45. Ra7 g6 46. Rd7
Kg5 47. Rd6 Rf6 48. Rxf6 Kxf6 49. Kg2 Kg5 1-0

[Event "15.Open Primavera"]
[Site "Robecchetto con Induno ITA"]
[Date "2018.05.17"]
[Round "7"]
[White "Gaspari, Giulio"]
[Black "Puricelli, Roberto"]
[Result "1-0"]
[WhiteElo "1627"]
[BlackElo "1533"]
[PlyCount "61"]
[EventDate "2018.04.05"]

1. d4 d5 2. c4 dxc4 3. e4 e6 4. Bxc4 Be7 5. Nf3 Nf6 6. e5 Nd5 7. O-O c6 8. a3
O-O 9. Bd2 Nd7 10. Bxd5 cxd5 11. Nc3 a6 12. Rc1 b5 13. Na2 Bb7 14. Bb4 Nb6 15.
b3 a5 16. Bc5 Nd7 17. Qd3 Nxc5 18. dxc5 Bc6 19. Nd4 Qd7 20. b4 a4 21. Nc3 Rab8
22. f4 f5 23. Rf3 Rf7 24. Rh3 g6 25. Nce2 Rg7 26. Kh1 Kf7 27. Rh6 Rh8 28. Nxc6
Qxc6 29. Nd4 Qa6 30. Qxb5 Qxb5 31. Nxb5 1-0

[Event "15.Open Primavera"]
[Site "Robecchetto con Induno ITA"]
[Date "2018.05.17"]
[Round "7"]
[White "Zanin, Armando"]
[Black "Cunati, Valerio"]
[Result "0-1"]
[WhiteElo "1466"]
[BlackElo "1665"]
[PlyCount "48"]
[EventDate "2018.04.05"]

1. c4 Nf6 2. Nc3 e5 3. d3 Bb4 4. a3 Bc5 5. e3 Nc6 6. Rb1 a5 7. Nf3 O-O 8. g3 d5
9. cxd5 Nxd5 10. Bg2 Nf6 11. O-O Bg4 12. Qc2 Qd7 13. Ng5 Rad8 14. f3 Bf5 15.
Nge4 Bb6 16. Rd1 Nd5 17. Qe2 Bg6 18. Bd2 f5 19. Nf2 f4 20. e4 Ne3 21. Bxe3 fxe3
22. Ng4 Nd4 23. Qf1 Nxf3+ 24. Bxf3 e2+ 0-1

[Event "15.Open Primavera"]
[Site "Robecchetto con Induno ITA"]
[Date "2018.05.17"]
[Round "7"]
[White "Macchiettini, Pierangelo"]
[Black "Rampazzo, Franco"]
[Result "0-1"]
[WhiteElo "1654"]
[BlackElo "1351"]
[PlyCount "80"]
[EventDate "2018.04.05"]

1. d4 Nf6 2. c4 e6 3. a3 d5 4. e3 b6 5. Nc3 Bb7 6. cxd5 Nxd5 7. Bd2 a6 8. Nf3
Nc6 9. Be2 Be7 10. Qc2 O-O 11. O-O Nf6 12. Rac1 Rc8 13. Rfd1 Bd6 14. e4 e5 15.
d5 Ne7 16. Bg5 Ng6 17. h3 h6 18. Be3 Nh5 19. g3 Qd7 20. Kh2 Rcd8 21. Ng1 Nf6
22. Bf3 Bc8 23. Qd2 Nh7 24. Bg4 Qe7 25. Bxc8 Rxc8 26. Qe2 b5 27. Rc2 f5 28.
exf5 Rxf5 29. Ne4 Rcf8 30. Rdc1 Nf6 31. Nxd6 Qxd6 32. g4 Nxg4+ 33. Qxg4 Nh4 34.
Rxc7 Qf6 35. R1c2 g5 36. Kh1 Rf7 37. Rxf7 Qxf7 38. Rc8+ Kg7 39. Rc2 Qxd5+ 40.
Kh2 h5 0-1

[Event "15.Open Primavera"]
[Site "Robecchetto con Induno ITA"]
[Date "2018.05.17"]
[Round "7"]
[White "Pizzolato, Roberto"]
[Black "Ruggiero, Paolino"]
[Result "1/2-1/2"]
[WhiteElo "1754"]
[BlackElo "1426"]
[PlyCount "213"]
[EventDate "2018.04.05"]

1. e4 e5 2. Nf3 f5 3. exf5 e4 4. Ne5 Nf6 5. d4 d5 6. g4 h5 7. Ng6 Rh7 8. g5 Ng4
9. h3 Nxf2 10. Kxf2 Bxf5 11. Nxf8 Kxf8 12. Be2 g6 13. Nc3 c6 14. Bf4 Nd7 15.
Qd2 Rf7 16. Raf1 Qb6 17. Kg2 Re8 18. Qe3 Qd8 19. Rd1 Kg8 20. Rhf1 Nf8 21. Na4
Ne6 22. Be5 Nxg5 23. Rh1 Ne6 24. Nc5 Nxc5 25. Rhg1 Ne6 26. Kh2 Kh7 27. Rg2 Qh4
28. Rdg1 Rg8 29. Qg3 Qxg3+ 30. Rxg3 Re8 31. Rf1 Kh6 32. h4 Rg8 33. Rfg1 c5 34.
Bd6 Rc8 35. dxc5 Nxc5 36. Rc3 Na4 37. Bf4+ Kh7 38. Rxc8 Bxc8 39. Be3 a6 40. Rd1
Be6 41. Bd4 Rc7 42. Rd2 Nc5 43. Bd1 Nd7 44. Rf2 Bf5 45. c3 Nf8 46. Bxh5 Ne6 47.
Be5 Rf7 48. Bg4 Kh6 49. Kg3 Ng7 50. Bd1 Ne6 51. Rd2 Rd7 52. Be2 g5 53. hxg5+
Kxg5 54. Bd1 Nc5 55. Bf4+ Kg6 56. Rg2 Nd3 57. Kh4+ Kf6 58. Bg5+ Ke6 59. Kg3
Nxb2 60. Rxb2 Rh7 61. Kg2 Rg7 62. Rb6+ Ke5 63. Kf2 Rxg5 64. Rxb7 Rg6 65. Re7+
Kf4 66. Rf7 e3+ 67. Kf1 Re6 68. Be2 Ke4 69. Rb7 Rc6 70. Rb4+ Ke5 71. Rb3 Bb1
72. Rxb1 Rxc3 73. Ke1 d4 74. Kd1 d3 75. Bf3 Kf4 76. Bb7 Ra3 77. Rb4+ Kg3 78.
Rb3 e2+ 79. Ke1 Rxa2 80. Rxd3+ Kf4 81. Rf3+ Ke5 82. Rd3 a5 83. Bf3 a4 84. Bxe2
Ke4 85. Rd8 a3 86. Re8+ Kd4 87. Ra8 Ke3 88. Re8+ Kd4 89. Ra8 Ke3 90. Re8+ Kd4
91. Kf2 Kc3 92. Ra8 Ra1 93. Kg2 Kb2 94. Bc4 Re1 95. Bg8 Re5 96. Kf2 Rb5 97. Ke3
Rc5 98. Kd3 Rc3+ 99. Kd2 Rh3 100. Rb8+ Ka1 101. Bd5 Rh5 102. Bg8 Rh8 103. Kc1
Rh1+ 104. Kc2 Rh2+ 105. Kc3 a2 106. Ra8 Kb1 107. Bxa2+ 1/2-1/2

[Event "15.Open Primavera"]
[Site "Robecchetto con Induno ITA"]
[Date "2018.05.17"]
[Round "7"]
[White "Giusti, Francesco"]
[Black "Marchesotti, Giovanni"]
[Result "1-0"]
[WhiteElo "1478"]
[BlackElo "1406"]
[PlyCount "65"]
[EventDate "2018.04.05"]

1. e4 c5 2. d4 e6 3. Nf3 cxd4 4. Qxd4 Nc6 5. Qe3 Nf6 6. h3 Be7 7. c3 d6 8. Bb5
Bd7 9. O-O a6 10. Bd3 O-O 11. Na3 b5 12. Nc2 Qc7 13. Re1 Rfe8 14. Bd2 e5 15.
Nh4 g6 16. a4 Na5 17. axb5 Bxb5 18. Nf3 Bxd3 19. Qxd3 Qc4 20. Qxc4 Nxc4 21. b4
Nxd2 22. Nxd2 d5 23. f3 dxe4 24. Nxe4 Nd5 25. Red1 Nb6 26. Ra2 f5 27. Nc5 Bxc5+
28. bxc5 Nc4 29. Nb4 a5 30. Nd5 Red8 31. c6 Rac8 32. c7 Rd6 33. Ne7+ 1-0

[Event "15.Open Primavera"]
[Site "Robecchetto con Induno ITA"]
[Date "2018.05.17"]
[Round "7"]
[White "Minore, Antonino"]
[Black "Madaschi, Sergio"]
[Result "0-1"]
[WhiteElo "1239"]
[BlackElo "1334"]
[PlyCount "121"]
[EventDate "2018.04.05"]

1. d4 d5 2. Nc3 Nf6 3. Bg5 Nbd7 4. f3 e6 5. e3 Be7 6. Bd3 c5 7. dxc5 Nxc5 8.
Bb5+ Bd7 9. Bxd7+ Ncxd7 10. Nge2 O-O 11. O-O Qb6 12. b3 h6 13. Na4 Qc7 14. Bh4
Bd6 15. Bg3 Bxg3 16. Nxg3 a6 17. Nb2 Qe5 18. Qd4 Qc7 19. Rac1 b5 20. Nd3 e5 21.
Qh4 Qb6 22. Rfe1 Rfe8 23. Nh5 Nxh5 24. Qxh5 Nf6 25. Qh3 e4 26. fxe4 dxe4 27.
Nf2 Rad8 28. Rcd1 Rxd1 29. Rxd1 Qc6 30. a4 bxa4 31. bxa4 Qxa4 32. c3 Qc4 33.
Rc1 a5 34. Ng4 Nxg4 35. Qxg4 a4 36. Qd7 Re6 37. Qd8+ Kh7 38. Qd4 Qxd4 39. cxd4
a3 40. Ra1 Ra6 41. Kf2 f5 42. Kg3 g5 43. h4 Kg6 44. hxg5 hxg5 45. Ra2 Kf6 46.
Kh3 Ke6 47. Kg3 Kd5 48. Kh3 Kc4 49. g4 Kb3 50. Rxa3+ Kxa3 51. gxf5 Kb4 52. Kg4
Kc4 53. Kxg5 Kd3 54. f6 Kxe3 55. d5 Kd2 56. d6 e3 57. Kg6 e2 58. Kg7 e1=Q 59.
f7 Ra8 60. f8=Q Rxf8 61. Kxf8 0-1